000235709 001__ 235709
000235709 005__ 20221212183004.0
000235709 022__ $$a1544-0044
000235709 022__ $$a1544-0036$$l1544-0036
000235709 022__ $$a1544-0044$$l1544-0036
000235709 0247_ $$2ZDBID$$aPERI:(DE-600)2416480-X
000235709 0247_ $$2ZDBPPN$$aZDPPN:987973630
000235709 0247_ $$2EZBID$$aPERI:(DE-606)
000235709 0247_ $$2EZBID$$aPERI:(DE-606)466295
000235709 0247_ $$2SCOPUS$$aSCOPUS:19700173245
000235709 035__ $$aPERI:(DE-600)2416480-X
000235709 040__ $$a9001$$bger$$cDE-101$$dJOIN²$$eJOIN² journal identification
000235709 041__ $$aeng
000235709 044__ $$cXD-US
000235709 082__ $$222sdnb$$a650$$qDE-600
000235709 08274 $$222sdnb$$a650$$qDE-600
000235709 24220 $$2DE-600$$aJournal of legal, ethical and regulatory issues$$bJLERI$$cAllied Academies$$yen
000235709 24220 $$2DE-600$$aJournal of legal, ethical and regulatory issues$$bJLERI$$cAllied Academies
000235709 245__ $$2DE-600$$aJournal of legal, ethical and regulatory issues$$bJLERI$$cAllied Academies$$honline, print
000235709 2463_ $$2DE-600$$aJournal of legal, ethical and regulatory issues
000235709 2463_ $$aJLERI
000235709 2463_ $$aJournal of legal, ethical and regulatory issues
000235709 260__ $$aCandler, NC$$bAllied Academies$$c[1998]-
000235709 26421 $$aCullowhee, NC$$bDreamcatchers Group$$canfangs
000235709 26431 $$aCandler, NC$$bAllied Academies$$c[1998]-
000235709 3620_ $$2DE-600$$aVolume 1, issue 1 (June 1998)-
000235709 36301 $$2DE-600$$81.1\x$$a1$$b1$$i1998$$j6
000235709 380__ $$2marcgt$$ajournal
000235709 500__ $$aAutomatically generated record. (Updated: 2022-11-19)
000235709 650_7 $$0ASJC:3308$$2ASJC$$aLaw
000235709 650_7 $$0ASJC:3312$$2ASJC$$aSociology and Political Science
000235709 65310 $$2EZB-Subject$$aRechtswissenschaft
000235709 65310 $$2EZB-Keyword$$aMenschenrechte
000235709 77608 $$2DE-600$$iErscheint auch als$$nDruck-Ausgabe$$tJournal of legal, ethical and regulatory issues$$x1544-0044
000235709 8564_ $$d0$$uhttp://ezb.uni-regensburg.de/2416480$$yEZB
000235709 8564_ $$d0$$uhttps://www.abacademies.org/journals/journal-of-legal-ethical-and-regulatory-issues-home.html$$yVerlag = kostenfrei
000235709 8801_ $$2DE-600$$aJournal of legal, ethical and regulatory issues$$bJLERI$$cAllied Academies
000235709 909CO $$ooai:juser.fz-juelich.de:886970$$pauthority$$pauthority:PERI
000235709 909CO $$ooai:juser.fz-juelich.de:886970
000235709 915__ $$0StatID:(DE-HGF)0200$$2StatID$$aDBCoverage$$bSCOPUS$$d2022-11-19
000235709 980__ $$aPERI
000235709 980__ $$aAUTHORITY